Biotechnology fron A to Z (Record no. 6390)

MARC details
000 -LEADER
fixed length control field 00524nam a22002057a 4500
003 - CONTROL NUMBER IDENTIFIER
control field OSt
005 - DATE AND TIME OF LATEST TRANSACTION
control field 20210415091403.0
008 - FIXED-LENGTH DATA ELEMENTS--GENERAL INFORMATION
fixed length control field 191202b ||||| |||| 00| 0 eng d
020 ## - INTERNATIONAL STANDARD BOOK NUMBER
International Standard Book Number 0199636931
040 ## - CATALOGING SOURCE
Transcribing agency DNML
082 ## - DEWEY DECIMAL CLASSIFICATION NUMBER
Classification number 660.6 BAI 2002
100 ## - MAIN ENTRY--PERSONAL NAME
Personal name Bain, William.
9 (RLIN) 5877
245 ## - TITLE STATEMENT
Title Biotechnology fron A to Z
250 ## - EDITION STATEMENT
Edition statement 2nd ed.
260 ## - PUBLICATION, DISTRIBUTION, ETC. (IMPRINT)
Place of publication, distribution, etc. Oxford University Press,
Date of publication, distribution, etc. 2002
300 ## - PHYSICAL DESCRIPTION
Extent 411p;
Other physical details Ill:
Dimensions 23cm
505 ## - FORMATTED CONTENTS NOTE
Formatted contents note References, & index included
650 ## - SUBJECT ADDED ENTRY--TOPICAL TERM
Topical term or geographic name as entry element Technology
9 (RLIN) 13105
942 ## - ADDED ENTRY ELEMENTS (KOHA)
Source of classification or shelving scheme Other/Generic Classification Scheme
Koha item type Open Shelf
Holdings
Withdrawn status Lost status Source of classification or shelving scheme Damaged status Not for loan Home library Current library Date acquired Source of acquisition Inventory number Total Checkouts Full call number Barcode Date last seen Koha item type
    Dewey Decimal Classification     MUST Main Library MUST Main Library 02/12/2019 Donation 04/22230   660.6 BAI 2002 2019-0670 02/12/2019 Open Shelf